000 00689nam a2200253Ia 4500
003 OSt
005 20220924125254.0
006 a|||||r|||| 00| 0
007 ta
008 220923b |||||||| |||| 00| 0 ara d
024 _a333634
037 _cTextual
040 _aARTS
_cARTS
_bara
041 _2ara
_aara
082 _aLw1.D, 28J5
100 _aSulaiman Abu Dawud Au.
_9197962
245 0 _aTabaqat-al-atibba wal-hukama
260 _aQahira
_bLe caire Egypt
_c1955
300 _a138p.
_ccm.
650 _a MEDICINE
_94387
650 _aARABIC LANGUAGE
_931794
942 _hLw1.D, 28J5
_cTEXL
_2CC
999 _c422298
_d422298